000 00454nmm a2200157Ia 4500
008 251105s9999||||xx |||||||||||||||||und||
041 _aspa
100 _aRicard, André
245 0 _aConversando con estudiantes de diseño
264 _a[Madrid, España] :
_bEditorial Gustavo Gili,
_c2008
300 _a160 páginas
490 _aGGDiseño
650 _aDesign and fashion
856 _uhttps://public.digitaliapublishing.com/a/41375
942 _cCF
999 _c99370
_d99370